000 01255nam a2200313 a 4500
001 000039727
005 20260224100502.0
008 130718s2010 dr ac 000 0 spa d
020 _a9780963910042
040 _aDO-SdBNP
_bspa
_cBNPHU
082 _a649.1
_bF523L
100 1 _aFirestone, Lillian
_965918
240 1 0 _aThe forgotten languaje of children
_lspa
245 1 3 _aEl lenguaje olvidado de los niños :
_bdescubriendo la valentía, la creatividad y la conciencia /
_cLillian Firestone ; prólogo Tenzin Robert Thurman.
260 _aSanto Domingo :
_bBúho,
_c2010
_g(2da. reimpresión 2013)
300 _a319 p. :
_bil., retrs. ;
_c24 cm.
500 _aIncluye datos biográficos del autor en la solapa de la cubierta.
500 _aLa biblioteca posee una segunda impresión del 2013.
504 _aBibliografía : p. 317-319.
590 _aInventariado, 2018/ YL
650 0 _aCrianza de niños
_94212
650 4 _aPadres e hijos
_9796
650 4 _aEducación para la vida familiar
_92729
650 4 _aEducación en el hogar
_9798
650 4 _aManejo de niños
_9799
650 4 _aActividades creativas y trabajo de clase
_965919
700 1 _aThurman, Tenzin Robert,
_epról.
_965920
910 _aValidado. Control de calidad EMS
999 _c39217
_d39217